00666nam a2200157 a 4500008004100000050001400041245009100055260003300146300002000179350000900199650004600208650001400254995009300268999001700361952013000378120416s1973 ||||||||||||||||| || u aHD 82 Pol04aThe political economy of development and underdevelopmentcedited by Charles K. Wilber aNew YorkbRandom Housec1973 ax, 434p. : ill. a0.00 aPOLITICAL ECONOMICS--DEVELOPING COUNTRIES 0aECONOMICS D0.00FCBU-MAIN LIBRARY (Kitwe)H1I0.00M1UDAMAGEDZMain Library Open Access Collection c53907d53907 00102lcc4070a001b001cMain Library Open Access Collectiond2022-11-30l0oHD 82 Polp163731r2022-11-30w2022-11-30y002